| Поле | Инд. | ПП | Название | Значение |
|---|---|---|---|---|
| Тип записи | a | |||
| Библиографический уровень | m | |||
| 001 | Контрольный номер | RU/IS/BASE/356449687 | ||
| 005 | Дата корректировки | 20260526151958.3 | ||
| 020 | a | ISBN | 978-5-394-00245-8 | |
| c | Цена, тираж | 242 р. | ||
| 080 | a | Индекс УДК | 658.6(075.8) | |
| 090 | a | Полочн. индекс | 658 | |
| x | Авторский знак | Д 21 | ||
| 091 | a | Индекс ББК (DOS) | У422я7 | |
| 097 | b | Оператор | *М* | |
| b | Оператор | *А-С* | ||
| b | Оператор | *Ир* | ||
| b | Оператор | *Вин* | ||
| 100 | 1_ | a | Автор | Дашков Л.П. |
| 245 | 10 | a | Заглавие | Организация, технология и проектирование торговых предприятий |
| b | Продолж. заглавия | учебник для вузов | ||
| b | Продолж. заглавия | в составе учебно-методического комплекса | ||
| 250 | a | Основные сведения об издании | 9-е изд., доп. и перераб. | |
| 260 | a | Место издания | Москва | |
| b | Издательство | Дашков и К | ||
| c | Дата издания | 2010 | ||
| 300 | a | Объем | 508, [1] с. | |
| b | Иллюстрации/ тип воспроизводства | ил., табл. | ||
| 440 | _0 | a | Серия | УМК-У |
| 516 | 8_ | a | Прим. о типе комп. файла/ данных | Текст : непосредственный |
| 520 | 0_ | a | Аннотация | В учебнике с учетом современных требований освещаются актуальные вопросы организации, технологии и проектирования торговых предприятий: основы построения процесса товародвижения, роль и функции оптовой торговли в системе хозяйственных отношений, организация складского хозяйства, товароснабжение розничной торговой сети, технология розничной торговли. Специальные разделы учебника посвящены вопросам проектирования и капитального строительства торговых предприятий. Для студентов высших учебных заведений, руководителей и работников коммерческих предприятий. |
| 583 | a | Действие | Перевод | |
| a | Действие | Приписка : УМК | ||
| 653 | 0_ | a | Ключевые слова | Грузовые перевозки |
| a | Ключевые слова | Защита прав потребителей | ||
| a | Ключевые слова | Капитальное строительство | ||
| a | Ключевые слова | Капитальный ремонт | ||
| a | Ключевые слова | Магазины | ||
| a | Ключевые слова | Оптовая торговля | ||
| a | Ключевые слова | Организация | ||
| a | Ключевые слова | Правила торговли | ||
| a | Ключевые слова | Проектирование | ||
| a | Ключевые слова | Проектирование | ||
| a | Ключевые слова | Розничная торговля | ||
| a | Ключевые слова | Склады | ||
| a | Ключевые слова | Тара | ||
| a | Ключевые слова | Технология | ||
| a | Ключевые слова | Товародвижение | ||
| a | Ключевые слова | Товароснабжение | ||
| a | Ключевые слова | Торговые предприятия | ||
| 655 | 07 | a | Жанр/ форма (устаревшее) | У |
| 700 | 12 | a | Другие авторы | Памбухчиянц В.К. |
| 773 | 18 | w | Контрольный № источника | 484a1cd6af314fb285872be86655d7f7 |
| 900 | a | Имя макрообъекта | 001-000086619-000000000-0000-0000-00 | |
| 901 | t | Тип документа | m | |
| 905 | a | Дата создания записи | 14.09.11 | |
| c | Дата приписки | 25.11.25 | ||
| c | Дата приписки | 26.05.26 | ||
| 940 | a | ФУСК | ||
| d | Организация, технология и проектирование предприятий | |||
| 952 | b | Гриф литературы для ВШ | Гриф | |
| a | Тип литературы для КСУ ВШ | У1 | ||
| 954 | c | 14.09.11 | ||
| 990 | h | N записи в КСУ для Б/У (DOS) | 33/2011 | |
| h | N записи в КСУ для Б/У (DOS) | 1000/2015 | ||
| j | Количество экземпляров (DOS) | 10 | ||
| c | Приоритет заказа (DOS) | о | ||
| g | Размещение заказа (DOS) | Дашков и К | ||
| a | Автор заказа (DOS) | МЕН | ||
| b | Заказано (DOS) | 10 | ||
| f | Даты поступлений (DOS) | 15.08.11 |